| 000 | 00802nam a22002057a 4500 | ||
|---|---|---|---|
| 005 | 20251108165356.0 | ||
| 008 | 250721s1985 xx 000 0 ara d | ||
| 082 | 1 | 4 | _aم/922.13/درا |
| 100 | 1 | _aالدارقطني، أبو الحسين علي بن عمر بن أحمد البغدادي | |
| 245 | 1 | 0 | _aذكر أسماء التابعين و من بعدهم ممن صحت روايته عن الشقات عند البخاري و مسلم / |
| 264 | 1 |
_aبيروت : _bمؤسسة الكتب الثقافية، _c1985. |
|
| 300 | _a2ج | ||
| 650 | 1 | 7 | _aرواية الحديث |
| 650 | 1 | 7 | _aالحديث الشريف |
| 650 | 1 | 7 | _aالتراجم |
| 700 | 1 |
_aالضناوي، بوران _eتحقيق |
|
| 700 | 1 |
_aالحوت، كمال يوسف _eتحقيق |
|
| 942 |
_2ddc _cREF |
||
| 999 |
_c26423 _d26423 |
||